000
00305nam a2200121Ia 4500
008
210430s9999 xx 000 0 und d
082
_a
620.5 N175 N
100
_a
yury Gogotsi
245
_a
Nanomaterials Handbook
_c
yury Gogotsi
260
_a
New york
_b
Taylor
_c
2006
300
_a
770p
942
_c
BK
_2
ddc
999
_c
562385
_d
562385